Aprendizaje basado en proyectos - ABP /

Bibliographic Details
Other Authors: Jurado Valencia, Fabio (Editor), Cadena Castillo, Sonia (Editor)
Format: Electronic eBook
Language:Spanish
Published: Cali, Valle del Cauca, Colombia : Universidad Autónoma de Occidente, [2023]
Edition:Primera edición.
Series:Colección experiencias (Universidad Autónoma de Occidente (Cali, Colombia)) ; 9.
Subjects:
Online Access:Digitalia Hispánica

MARC

LEADER 00000nam a2200000Ii 4500
001 DIGUAOCCTE0106
003 NyNyDIG
006 m o d
007 cr |||||||||||
008 240915s2023 ck a ob 000 0 spa d
035 |a (OCoLC)1456949018 
040 |a DGITA  |b eng  |e rda  |e pn  |c DGITA 
050 1 4 |a LB1027.43 ebook 
245 0 0 |a Aprendizaje basado en proyectos - ABP /  |c Fabio de Jesús Jurado Valencia, Sonia Cadena Castillo, editores académicos. 
250 |a Primera edición. 
264 1 |a Cali, Valle del Cauca, Colombia :  |b Universidad Autónoma de Occidente,  |c [2023] 
300 |a 1 online resource :  |b illustrations. 
336 |a text  |b txt  |2 rdacontent 
337 |a computer  |b c  |2 rdamedia 
338 |a online resource  |b cr  |2 rdacarrier 
347 |a text file  |2 rdaft 
347 |b PDF 
490 1 |a Colección experiencias,  |x 2422-4340 ;  |v 9 
504 |a Includes bibliographical references. 
546 |a Text in Spanish with abstract in Spanish and English. 
588 0 |a Online resource; title from PDF title page (Digitalia, viewed September 15, 2024) 
650 0 |a Project method in teaching. 
700 1 |a Jurado Valencia, Fabio,  |e editor. 
700 1 |a Cadena Castillo, Sonia,  |e editor. 
791 2 |a Digitalia (Firm),  |e distributor. 
793 0 |g Digitalia eBook Collection:  |a Universidad Autónoma de Occidente 
830 0 |a Colección experiencias (Universidad Autónoma de Occidente (Cali, Colombia)) ;  |v 9. 
856 4 0 |3 Digitalia Hispánica  |u https://www.digitaliapublishing.com/a/157206/ 
910 |a Premium collection: 2024